Представление документа в формате RUSMARC

ПолеНазваниеЗначение
  Тип записи a
  Библиографический уровень m
001 Контрольный номер RU/IS/BASE/533118477
005 Дата корректировки 20240209174701.2
010 Индекс ISBN __
d Цена 30 р. 00 к.
9 Тираж экз.
100 Данные общей обработки __
a Данные общей обработки 20161122d2016 ||| 0rusy0189 ca
101 Язык документа 0_
a Язык текста rus
102 Страна публикации __
a Страна публикации RU
105 Кодированные данные (монография) __
a Кодированные данные (монография) y###||||000|y
200 Заглавие и сведения об ответственности 1_
a Заглавие Пензенская рапсодия
b Общее обозначение материала Текст
e Сведения, относящиеся к заглавию [на рус. и англ. яз.]
g Последующие сведения об ответственности текст А. В. Тюстин
g Последующие сведения об ответственности пер.: О. А. Курченкова, И. В. Нечай, М. В. Разумова
210 Выходные данные 1_
a Место издания Пенза
c Издательство Известия
d Дата издания [200-]
215 Физическое описание __
a Объем 150, [1] с.
c Иллюстрации/тип воспроизводства ил.
d Формат 30 см.
300 Общие примечания __
a Общие примечания Ограничения по возрасту - 12+
606 Тематические рубрики 0_
a Основная рубрика Пензенская область - История
y Географическая подрубрика Пензенская область
610 Ключевые слова 0_
a Ключевые слова области
a Ключевые слова города
a Ключевые слова достопримечательности
a Ключевые слова история области
a Ключевые слова история городов
a Ключевые слова города России
686 Индексы других классификаций __
a Классификационный индекс 63.3(2Рос-2)
2 Код системы ББК
702 Вторичная интеллектуальная ответственность _0
a Фамилия Тюстин
b Имя (инициалы) А. В.
801 Источник записи _0
a Страна RU
b Организация МБУК ЦБС
c Дата составления 20161122
g Правила каталогизации RCR
801 Источник записи _1
a Страна RU
b Организация МБУК ЦБС г. Ульяновска
c Дата составления 20161122
g Правила каталогизации RCR
899 Данные о местонахождении __
i Авторский знак П 25
j Расстановочный фильтр 63.3(2Рос...)
901 Тип документа __
t Тип документа m
910 Корректоры записи __
a Корректор записи Скрипина